| 000 | 00438cam a2200181ua 4500 | ||
|---|---|---|---|
| 041 |
_aeng _h |
||
| 082 |
_a823.308 _bELI/MI |
||
| 100 | _aEliot, George. | ||
| 245 |
_aMill on the floss / _cGeorge Eliot. _hTextual Documents |
||
| 260 |
_aLondon : _bOxford University Press , _c1963. |
||
| 300 | _a508 ; . | ||
| 504 | _a | ||
| 942 | _cBK | ||
| 999 |
_c3141 _d3141 |
||